Modely vybraných plánov VHJ a podniku a metódy ich kontroly čiastková úloha SPEV 903-533-201-10
Guardado en:
| Formato: | Libro |
|---|---|
| Lenguaje: | eslovaco |
| Publicado: |
Bratislava
Vysoká škola ekonomická
1983
|
| Etiquetas: |
Sin Etiquetas, Sea el primero en etiquetar este registro!
|
MARC
| LEADER | 00000nam a2200000 4500 | ||
|---|---|---|---|
| 001 | c134762 | ||
| 005 | 20250709071435.9 | ||
| 041 | 0 | |a slo | |
| 044 | |a SK | ||
| 245 | 1 | 0 | |a Modely vybraných plánov VHJ a podniku a metódy ich kontroly |b čiastková úloha SPEV 903-533-201-10 |
| 264 | 1 | |a Bratislava |b Vysoká škola ekonomická |c 1983 | |
| 300 | |a Prer. s. | ||